000 00356 a2200157 4500
001 50500
020 _a8576350491
040 _cAnchieta - Bela Vista
100 _aJosé, Elias
240 1 0 _aE o burrinho ganhou o páreo
_lpor
245 1 0 _aE o burrinho ganhou o páreo
300 _a53
362 0 _a2005
650 4 _aLiteratura juvenil
942 _cBK
999 _c50500
_d50500